000 00581nam a2200205Ia 4500
001 16660
003 GE_BSU
008 181216s||||||||xx |||||||||||||| ||und||
040 _cGE_BSU
080 _a821.353.1-1
100 _aმარიჯან (1890-1978)
245 _aლექსები
245 _cრედ.გ.აბაშიძე.მხ.ი.ჯანაშვილი
260 _aთბილისი
260 _bსაბჭ. მწერალი
260 _c1956
300 _a164გვ. ; 17სმ
653 _aლექსები
942 _cBK
999 _c49725
_d49725